000 00368nam a2200145Ia 4500
008 230917s9999||||xx |||||||||||||| ||und||
040 _e30655
_aMAIN
041 _aEnglish
082 _a342.5409 J334C
100 _aJayapalan, N
245 0 _aConstitutional history of India
260 _aNew Delhi
_bAtlantic Publishers
_c1998
300 _av, 214 p.
942 _cBK
999 _c100193
_d100193